00516 a2200145 4500020001500000020001800015082001700033100002500050245012000075260004100195300002100236490004400257700002500301830004400326 a0486411818 a9780486411811 a620.001515351 aHughes, Thomas J. R.14aThe finite element method :blinear static and dynamic finite element analysis /cThomas J. R. Hughes, Engineering. a[S.l.] :bDover Publications,c2000. a672 p. ;c24 cm.1 aDover civil and mechanical engineering.1 aHughes, Thomas J. R. 0aDover civil and mechanical engineering.